000
00217 a2200097 4500
001
14880
100
_a
Knapp W
245
_a
A history of war & peace
260
_a
London
_b
Oxford Univ press
_c
090
_c
11649
_d
11649
942
_a
NUST-CAE
_c
M
_c
1835
999
_c
249953
_d
249953